Shakespeare's Bowdy (Record no. 129789)

MARC details
000 -LEADER
fixed length control field 00766nam a2200265Ia 4500
003 - CONTROL NUMBER IDENTIFIER
control field OSt
005 - DATE AND TIME OF LATEST TRANSACTION
control field 20220918165436.0
008 - FIXED-LENGTH DATA ELEMENTS--GENERAL INFORMATION
fixed length control field 220917b |||||||| |||| 00| 0 eng d
020 ## - INTERNATIONAL STANDARD BOOK NUMBER
International Standard Book Number 7191 6270 2
037 ## - SOURCE OF ACQUISITION
Terms of availability Textual
040 ## - CATALOGING SOURCE
Original cataloging agency ARTS
Transcribing agency ARTS
Language of cataloging eng
041 ## - LANGUAGE CODE
Source of code eng
Language code of text/sound track or separate title eng
100 ## - MAIN ENTRY--PERSONAL NAME
Personal name Partridge Eric
9 (RLIN) 351
245 #0 - TITLE STATEMENT
Title Shakespeare's Bowdy
Remainder of title A literary and psychological essay and a comprehensive glossary
250 ## - EDITION STATEMENT
Edition statement 3rd ed.
260 ## - PUBLICATION, DISTRIBUTION, ETC.
Place of publication, distribution, etc. London
Name of publisher, distributor, etc. Routledge UK
Date of publication, distribution, etc. 1968
300 ## - PHYSICAL DESCRIPTION
Extent vii, 223p.
Dimensions cm.
650 ## - SUBJECT ADDED ENTRY--TOPICAL TERM
Topical term or geographic name entry element SHAKESPEARE, WILLIAM
942 ## - ADDED ENTRY ELEMENTS (KOHA)
Classification part O111,2J64:g(S), H7;K8
Koha item type Textual
Source of classification or shelving scheme Colon Classification (CC)
Holdings
Withdrawn status Lost status Damaged status Not for loan Home library Current library Date acquired Total Checkouts Full call number Barcode Date last seen Price effective from Koha item type
        Arts Library Arts Library 2022-09-18   O111,2J64:g(S) H7;K8 AL0484037 2022-09-18 2022-09-18 Textual
Copyright @ Delhi University Library System